| 000 | 01525nam a22002297a 4500 | ||
|---|---|---|---|
| 003 | NALT | ||
| 005 | 20250716131444.0 | ||
| 008 | 201103b th ||||| |||| 00| 0 tha d | ||
| 040 | _aNALT | ||
| 090 | _aELR 86/1 2563 | ||
| 100 | 0 |
_aปรียานุช คลอวุฒิวัฒน์. _945120 |
|
| 245 | 1 | 0 |
_aการปรับกระบวนการจัดซื้อหนังสือเพื่อส่งเสริมภาพลักษณ์ของห้องสมุดรัฐสภาและความสอดคล้องกับบริบทในปัจจุบัน / _cปรียานุช คลอวุฒิวัฒน์. |
| 246 | 3 | 0 | _aผลงานหรือผลสำเร็จของงานที่เกิดจากการปฏิบัติงานในตำแหน่งหน้าที่ความรับผิดชอบ |
| 260 |
_aกรุงเทพฯ : _bสำนักงานเลขาธิการสภาผู้แทนราษฎร, _c2563. |
||
| 300 |
_a94 หน้า : _bภาพประกอบ, ตาราง ; _c29 ซม. |
||
| 650 | 4 |
_948327 _aการจัดซื้อ _xกระบวนการ |
|
| 650 | 4 |
_948326 _aห้องสมุดรัฐสภา _xภาพลักษณ์ |
|
| 850 | _aNALT | ||
| 856 | 4 | 0 | _uhttps://hdl.handle.net/20.500.14156/569767 |
| 942 |
_cIS _2local |
||
| 999 |
_c97758 _d97758 |
||
| 998 |
_j6650 _k นางสาววารี เกตุโฉม |
||